000
00312nam a22001457a 4500
008
221121b ||||| |||| 00| 0 eng d
020
_a
9781568581057
041
_a
eng
080
_a
51
082
_a
51
100
_a
22
101
_a
MATE
245
_a
THE MYSTERY OF THE ALEPH
_c
ACZEL D A
942
_2
udc
_c
BK
999
_c
58965
_d
58965